00401nam a2200133Ia 4500008004100000020001500041100001800056245001900074250000700093260003600100300001000136952010600146999001500252211105s9999 xx 000 0 und d aVYASA01113 aKumar Kaul H. 0aAspcts Of Yoga a\N bB.R. Publishing Corporationc\N a239p. 00102ddc40708DYPSaSVYASAbSVYASAcR3.7Ed2003-03-28p08186r2021-11-09 00:00:00w2021-11-09yBKS c6350d6350